BIBLIOTECA PODER JUDICIAL
Portal Judicial TDF

El contrato de estabilización regulatoria : (Registro nro. 6134)

000 -LEADER
fixed length control field 01158nabaa22002057a 4500
003 - CONTROL NUMBER IDENTIFIER
control field OSt
005 - DATE AND TIME OF LATEST TRANSACTION
control field 20260122223906.0
008 - FIXED-LENGTH DATA ELEMENTS--GENERAL INFORMATION
fixed length control field 190701b xxu||||| |||| 00| 0 spa d
040 ## - CATALOGING SOURCE
Transcribing agency PJ
100 ## - MAIN ENTRY--PERSONAL NAME
9 (RLIN) 6894
Personal name Cairella, Florencia
245 13 - TITLE STATEMENT
Title El contrato de estabilización regulatoria :
Remainder of title una herramienta para contribuir al desarrollo de la economía argentina /
Statement of responsibility, etc Florencia Cairella, Santiago J. Barbarán
300 ## - PHYSICAL DESCRIPTION
Extent p. 22-36
505 ## - FORMATTED CONTENTS NOTE
Formatted contents note Sumario: I. Contexto actual: una situación problemática.— II. Breve síntesis del marco normativo de la inversión extranjera. Los regímenes de promoción.— III. El riesgo como carácter de la regulación: el riesgo regulatorio.— IV. La estabilización regulatoria: el contrato de inversión.— V. Propuestas.— VI. Conclusiones.
505 ## - FORMATTED CONTENTS NOTE
Title ¿Te interesa el texto completo? Comunicate al correo: koha@justierradelfuego.gov.ar
650 #0 - SUBJECT ADDED ENTRY--TOPICAL TERM
9 (RLIN) 211
Topical term or geographic name as entry element DERECHO ADMINISTRATIVO
650 #0 - SUBJECT ADDED ENTRY--TOPICAL TERM
9 (RLIN) 6430
Topical term or geographic name as entry element INVERSIONES
650 #0 - SUBJECT ADDED ENTRY--TOPICAL TERM
9 (RLIN) 582
Topical term or geographic name as entry element REGULACION ECONOMICA
773 0# - HOST ITEM ENTRY
Host Biblionumber 2842
Host Itemnumber 3251
Place, publisher, and date of publication Buenos Aires : AbeledoPerrot, 2012-
Other item identifier DA121
Title Derecho administrativo. Nº 149 septiembre/octubre 2023
International Standard Book Number 18510590
942 ## - ADDED ENTRY ELEMENTS (KOHA)
Source of classification or shelving scheme
Koha item type Analítica Artículo de Revista

No hay ítems disponibles.

12 de Octubre 789 Ushuaia - Tel:  54(02901)441571
Horario de Atención: 8.00 a 17.00 hs. 
bibliotecaush@justierradelfuego.gov.ar
koha@justierradelfuego.gov.ar
Seguinos en nuestras redes @bibliojustdf 

Con tecnología Koha